Los campesinos “exonerados de la tierra”. Leyes y políticas de reparación y clientelismo político en Chile
Guardat en:
| Autor principal: | |
|---|---|
| Altres autors: | |
| Format: | Desconegut |
| Idioma: | anglès |
| Publicat: |
Santiago, Chile.
Ediciones Der; Universidad Alberto Hurtado-Facultad de Derecho,
2021
|
| Edició: | Primera edición |
| Col·lecció: | Derecho Público
|
| Matèries: | |
| Etiquetes: |
Afegir etiqueta
Sense etiquetes, Sigues el primer a etiquetar aquest registre!
|
MARC
| LEADER | 00000 a2200000 4500 | ||
|---|---|---|---|
| 003 | CL-VaPUC | ||
| 005 | 20220309110739.0 | ||
| 008 | 211102b2021 ||||| |||| 00| 0 eng d | ||
| 999 | |c 433783 |d 433781 | ||
| 020 | |a 9789564050003 | ||
| 040 | |c Pontificia Universidad Católica de Valparaíso | ||
| 082 | 0 | 4 | |2 21 |a 333.3183 LOV 2021 |
| 100 | 1 | |a Loveman, Brian |9 863822 |e autor | |
| 245 | 1 | 4 | |a Los campesinos “exonerados de la tierra”. |b Leyes y políticas de reparación y clientelismo político en Chile |
| 250 | |a Primera edición | ||
| 260 | |a Santiago, Chile. |b Ediciones Der; |b Universidad Alberto Hurtado-Facultad de Derecho, |c 2021 | ||
| 300 | |a 313 páginas | ||
| 490 | 0 | |a Derecho Público | |
| 583 | |k Cristina María Rojas Aguilar |c 20211102 | ||
| 650 | 1 | |a Reforma agraria |x Exonerados políticos |x Campesinos |x Historia de Chile |9 866051 | |
| 650 | 1 | |a Reforma agraria |x Propiedad de tierras |x Política agraria |x Derecho y legislación |9 866052 | |
| 700 | 1 | |a Lira, Elizabeth |9 864061 |e autora | |
| 942 | |2 ddc |c BK | ||
| 952 | |0 0 |1 0 |2 ddc |4 0 |6 333_318300000000000_LOV_2021 |7 0 |8 A |9 579083 |a BIBDER |b BIBDER |d 2021-11-02 |e 22 |g 21000.00 |i 5589851 |o 333.3183 LOV 2021 |p 5589851 |r 2023-01-25 |t 1 |v 21000.00 |w 2021-11-02 |y BK |k DER | ||